000 00400nam a2200157Ia 4500
008 230312s9999||||xx |||||||||||||| ||und||
020 _a0-19-508188-9
082 _a551.5028
_bSTE
100 _aStephens,Graeme L.
245 0 _aRemote Sensing of the Lower Atmosphere
260 _bOxford University Press
_aNew York
_c1994
300 _a523
546 _aEng.
650 _aEngineering
942 _cBK
999 _c1800
_d1800